| 000 | 01118nam a2200313 a 4500 | ||
|---|---|---|---|
| 001 | 34260 | ||
| 003 | BD-RjUL | ||
| 005 | 20211209052129.0 | ||
| 008 | 140514s1982 maua b 001 0 eng | ||
| 020 | _a0316887625 (v. 1 : pbk.) | ||
| 020 | _a0316887633 (v. 2 : pbk.) | ||
| 035 | _a(BD-RjUL)34354 | ||
| 040 |
_aDLC _cDLC _dDLC _dBD-RjUL _beng |
||
| 041 | _aeng | ||
| 082 | 0 | 0 |
_a973 _219 _bUNT V-2 1982 |
| 100 | 1 |
_aUnger, Irwin. _9104123 |
|
| 245 | 1 | 0 |
_aThese United States : _bthe questions of our past / _cIrwin Unger, with the assistance of Debi Unger. _nVolume II : _pSince 1865.. |
| 250 | _a2nd ed. | ||
| 260 |
_aBoston : _bLittle, Brown, _cc1982. |
||
| 300 |
_axix, 413-893 p. [LXV] : _bill. (some col.) ; _c24 cm. |
||
| 500 | _aVol. 1: Family histories by Maury Klein and Joel C. Mickelson; v. 2: by Maury Klein and James C. Foster. | ||
| 504 | _aIncludes bibliographical references and indexes. | ||
| 505 | 0 | _av. 1. To 1877 -- v. 2. Since 1865. | |
| 651 | 0 |
_aUnited States _xHistory. _9104124 |
|
| 700 | 1 |
_aUnger, Debi. _9104125 |
|
| 942 |
_2ddc _cBK |
||
| 999 |
_c34260 _d34260 |
||